Tilastot visalle Suurin K:lla alkava kaupunki

Klikkaa tästä pelataksesi tätä visaa!

Yleistilastot

  • Tätä visaa on pelattu 151 kertaa
  • Keskiarvotulos 9 / 18

Vastaustilastot

MaaK-Kaupunki% Oikein
EgyptiKairo
100%
SuomiKuopio
89%
TanskaKööpenhamina
88%
AfganistanKabul
87%
MalesiaKuala Lumpur
87%
Etelä-AfrikkaKapkaupunki
85%
KuwaitKuwait
85%
SaksaKöln
77%
RuandaKigali
62%
JapaniKobe
40%
Saint Vincent
ja Grenadiinit
Kingstown
38%
SlovakiaKošice
34%
KiinaKunming
27%
IrakKirkuk
26%
KeniaKisumu
6%
IranKaraj
4%
BangladeshKhulna
3%
SerbiaKragujevac
2%

Tulosjakauma

Persentiili vastausten määrän mukaan

Jokaisen tuloksen saaneiden osuus

Tuloshistoriasi

Et ole pelannut tätä visaa